| 000 | 00644nam a2200169Ia 4500 | ||
|---|---|---|---|
| 008 | 150610s9999 xx 000 0 und d | ||
| 020 | _a9780738213552 | ||
| 050 |
_aRJ506 _b.H9G75 2009 |
||
| 100 | _aGreenspan,Stanley I. | ||
| 245 |
_aOvercoming ADHD: _bhelping your child become calm, engaged, and focused-without a pill / _cStanley I. Greenspan; with jacob Greenspan. |
||
| 250 | _a1st DaCapo Press ed. | ||
| 260 |
_aCambridge : _bDa Capo Press, _c2009. |
||
| 300 |
_a197pages ; _c22 cm. |
||
| 504 | _aIncludes bibliographical references and index. | ||
| 520 | _aAttention-deficit hyperactivity disorder. | ||
| 650 | _xBehavior modification. | ||
| 999 |
_c288018 _d288018 |
||